000 00897nam a22002297a 4500
999 _c6413
_d6413
003 AR-CdUCM
008 190315b ||||| |||| 00| 0 spa d
040 _aMUNICIPALIDAD PROVINCIAL DEL CUSCO
_cBIBLIOTECA MUNICIPAL DEL CUSCO
082 _a030 /
_bL579
100 _aLeón, Fray Luis de
_910289
245 _aPoesía sacra :
_bLos mejores libros de la literatura española /
260 _aLima :
_bEditora de Publicaciones Gente,
_c1987.
300 _a126 páginas ;
_c17 cm.
440 _aColección gratuita con la revista Gente (Lima-Perú) por su 3º aniversario.
_n18
_918227
505 _aContenido: Morada del cielo -- En la ascensión -- A todos los santos -- A nuestra señora -- A Francisco Salinas...
650 _aLiteratura española
_9362
650 _aColección
_92826
650 _aSiglo XX
_98
700 _aBanco de la Nación
_918155
942 _2ddc
_cLIBROS
945 _adavv